Papoušíci : jak o ně správně pečovat a jak jim porozumět : rady odborníka k chovu podle jednotlivých druhů : vhodné i pro chovatele začátečníky /

Hlavní autor: Kolar, Kurt, 1933-1999
Jazyk: Čeština
Vydáno: Praha : Jan Vašut, 2001
Vydání: České vyd. 1.
Edice: Jak na to (Jan Vašut)
Témata:
Fyzický popis: 63 s. : il. ; 20 cm
Knihy
Uloženo v:
LEADER 01336nam a2200385 a 4500
001 000559434
003 CZ BrMZK
005 20181003091115.0
007 ta
008 010907s2001 xr a e f 000 0 cze
015 |a cnb000888334 
020 |a 80-7236-135-X 
035 |a (OCoLC)47952324 
040 |a BOA001  |b cze 
041 1 |a cze  |h ger 
072 7 |a 636  |x Chov zvířat. Živočišná výroba  |2 Konspekt  |9 24 
080 |a 636.68  |2 MRF 
080 |a 598.271.8  |2 MRF 
080 |a 636.08  |2 MRF 
080 |a (035)  |2 MRF 
100 1 |a Kolar, Kurt,  |d 1933-1999  |7 jn20001005556  |4 aut 
245 1 0 |a Papoušíci :  |b jak o ně správně pečovat a jak jim porozumět : rady odborníka k chovu podle jednotlivých druhů : vhodné i pro chovatele začátečníky /  |c Kurt Kolar 
250 |a České vyd. 1. 
260 |a Praha :  |b Jan Vašut,  |c 2001 
300 |a 63 s. :  |b il. ;  |c 20 cm 
490 1 |a Jak na to 
500 |a Přeloženo z němčiny 
650 0 7 |a agapornis  |7 ph135647  |2 czenas 
650 0 7 |a chov domácích zvířat  |7 ph119200  |2 czenas 
655 7 |a příručky  |7 fd133209  |2 czenas 
765 0 |t Unzertrennliche Agaporniden  |9 Česky 
830 0 |a Jak na to (Jan Vašut)  |0 s 
910 |a BOA001  |b 2-1084.695 
990 |a BK 
996 6 |b 2610134020  |c 2-1084.695  |l MZK  |r Sklad / do 1 hodiny  |n 1  |p p.v.  |w 000559434  |u 000010  |a 1  |e BOA001  |j MZK50  |s P